00838nam a22002297a 450000500170000000800410001702000180005804100080007604400070008408200180009110000320010924501280014126000350026930000560030450000220036050000260038250400490040865000440045765100400050165100400054170000270058120140311112600.0140311s2009 ck abdogr 00010 spa d a9789589916902 aspa ack04a918.986bD27c1 aDíaz Merlano, Juan Manuel13aEl Chocó biogeográfico de Colombiactextos y dirección científica Juan Manuel Díaz Merlano, Fernando Gast Harders aCalibBanco de Occidentec2009 a207 p.bil., fot., mapas, tablas, gráficasc34 cm aIncluye glosario. aIncluye cronología. aIncluye bibliografía (páginas 198 - 200) 4aRecursos naturalesz Chocó (Colombia) 4a Chocó (Colombia)v Fotografías 4a Chocó (Colombia)x Descripción1 aGast Harders, Fernando